Odborný text ako výsledok kreatívnej práce a mysle

Kreativita a preklad odborných textov.

Salvato in:
Dettagli Bibliografici
Autore principale: Biloveský, Vladimír
Natura: Capitolo di libro
Lingua:slovacco
Soggetti:
Tags: Aggiungi Tag
Nessun Tag, puoi essere il primo ad aggiungerne!!

MARC

LEADER 00000naa a2200000 4500
001 0240344
005 20180223124148.2
041 0 |a slo 
044 |a SK 
245 1 0 |a Odborný text ako výsledok kreatívnej práce a mysle  |c Vladimír Biloveský 
520 |a Kreativita a preklad odborných textov. 
610 2 0 |a preklady odborné 
610 2 0 |a tlmočníci 
610 2 0 |a tlmočníctvo 
610 2 0 |a univerzity 
610 2 0 |a teória a prax 
100 1 |a Biloveský, Vladimír